2000s WWF WWE Wrestlemania Wrestlers - Statistics

General Stats
  • This quiz has been taken 338 times
  • The average score is 23 of 48
Answer Stats
# Wrestler of Tag Team % Correct
9 The Undertaker
95%
9 Triple H
95%
8 Edge
90%
10 Kane
89%
7 Shawn Michaels
89%
5 The Rock
88%
6 Christian
84%
3 Stone Cold Steve Austin
84%
6 John Cena
83%
8 Big Show
80%
8 Chris Jericho
80%
6 Randy Orton
80%
7 Kurt Angle
79%
4 Batista
78%
7 Chris Benoit
76%
5 Rey Mysterio
71%
5 Ric Flair
70%
3 Mick Foley
67%
4 Bradshaw/JBL
60%
6 Booker T
53%
5 Eddie Guerrero
51%
4 Rob Van Dam
48%
4 Trish Stratus
47%
3 Rikishi
45%
3 Mark Henry
44%
4 Dudley Boyz
43%
4 Matt Hardy
42%
5 Shelton Benjamin
42%
3 Hardy Boyz
40%
3 Test
36%
3 Mr McMahon
31%
3 Albert
30%
4 Chavo Guerrero Jr
30%
3 William Regal
28%
3 MVP
25%
4 Carlito
23%
3 Charlie Haas
23%
4 Finlay
23%
4 APA
14%
3 Hardcore Holly
14%
3 Victoria
14%
3 Viscera
13%
4 Val Venis
11%
4 Scotty 2 Hotty
8%
3 Torrie Wilson
7%
3 Melina
6%
3 Funaki
3%
3 Snitsky
1%
No matching quizzes found
Score Distribution
Percent of People with Each Score
Percentile by Number Answered
Your Score History
You have not taken this quiz